Liekové formy 1 vybrané kapitoly

Bibliographic Details
Main Authors: Mandák, Milan, 1924-2005 (Author), Gruntová, Zora, 1925-2016 (Author), Heliová, Mária (Author), Chalabala, Milan, 1928-2003 (Author)
Format: Book
Language:Slovak
PhysicalDescription:176 sch., tab. 29 cm
Published: Bratislava Univerzita Komenského 1985
Edition:1. vyd., dotlač
Series:Vysokoškolské skriptá
Subjects:

MARC

LEADER 00000nam a2200000 a 4500
001 vtls001093957
003 SK-MaSNL
005 20260301233110.0
008 240513s1985 xo 0 slo
015 |a SNBA1985/04 
020 |q (viaz.) 
035 |a SNK000036799 
040 |a SNK  |b slo  |c SNK  |e AACR2 
041 0 |a slo 
044 |a xo  |c SK 
080 |a 615.45(075.8)  |2 1981 
100 1 |a Mandák, Milan,  |d 1924-2005  |4 aut  |9 211498 
245 1 0 |a Liekové formy 1  |b vybrané kapitoly  |c Milan Mandák a kolektív 
250 |a 1. vyd., dotlač 
260 |a Bratislava  |b Univerzita Komenského  |c 1985  |e Bratislava  |f Polygrafické stredisko UK 
300 |a 176  |b sch., tab.  |c 29 cm 
366 |e 250 výtl. 
490 1 |a Vysokoškolské skriptá 
650 0 7 |a lieky  |2 SNKPH  |9 2515 
650 0 7 |a liekové formy  |2 SNKPH  |9 66274 
655 7 |a učebnice vysokých škôl  |2 SNKPH  |9 70191 
655 7 |a Textbooks (higher)  |2 SNKPHeng  |9 276436 
700 1 |a Gruntová, Zora,  |d 1925-2016  |4 aut  |9 39371 
700 1 |a Heliová, Mária  |4 aut  |9 6860 
700 1 |a Chalabala, Milan,  |d 1928-2003  |4 aut  |9 263426 
830 0 |a Vysokoškolské skriptá  |9 276440 
852 |a Slovenská národná knižnica 
954 |a odborná, vedecká literatúra pôvodná (slovenská)  |2 lita 
958 |a OND 
999 |c 964509  |d 966439 
952 |a SNK  |b SNK  |y PREZ  |7 0  |p 17A0797293  |o snkSB 38814/1  |0 0  |1 0  |4 0  |d 2012-05-28  |f 1  |l 0  |r 2025-04-23 00:00:00  |w 2026-02-24 
952 |t P60, <04>, [BOOK], {604}  |a SNK  |b SNK  |y VYP  |7 0  |p 17A0206230  |o snkSB 38814/1 D1  |0 0  |1 0  |4 0  |d 1999-09-02  |l 0  |r 2004-12-31 00:00:00  |w 2026-02-24